000 01360nam a2200241Ii 4500
003 JO-AjNU
005 20240624110408.0
008 230605s9999||||xx |||||||||||||| ||und||
040 _aJO-AjNU
_bara
_erda
_cJO-AjNU
041 _aara
050 1 4 _aBP173.759.2020
100 1 _aرحبانة، حسن احمد سالم
_eمعد
_965530
245 0 0 _aاثر الاستعلام الائتماني على قرار منح التمويل في المصارف الإسلامية الاردنية (دراسة حالة كريف الاردن)=The Impact of Credit Query on Grant Financing Decision in Jordanian Islamic Banks (CRIF Jordan as a Case Study
_cإعداد حسن احمد سالم رحبانة ؛ إشراف قاسم موسى ابو عيد
260 _c2020
300 _a152ورقة
336 _atext
_btxt
_2rdacontent
337 _aunmediated
_bn
_2rdamedia
338 _avolume
_bnc
_2rdacarrier
500 _aرسالة جامعية(اطروحة ماجستير) جامعة عجلون الوطنية ،كلية ادارة الاعمال،المصارف الاسلامية2020، يحتوي على قائمة مراجع من ص115-130ص ويحتوي على ملاحق من ص 131-152ص
650 4 _aتمويل المصارف الاسلامية - الاردن
_959702
700 1 _aابو عيد، قاسم موسى
_964964
_eمشرف
942 _2lcc
_cTHS
999 _c30447
_d30447